Luật kinh doanh bất động sản năm 2006 và văn bản hướng dẫn thi hành

Giới thiệu Luật Kinh doanh bất động sản năm 2006, hoạt động kinh doanh bất động sản, một số chỉ thị, nghị định, quyết định của Chính phủ, Bộ xây dựng về việc triển khai thi hành luật Kinh doanh bất động sản, một số giải pháp, đẩy mạnh pha...

Szczegółowa specyfikacja

Zapisane w:
Opis bibliograficzny
Format: Książka
Język:Undetermined
Wydane: Hà Nội Chính trị Quốc gia 2008
Hasła przedmiotowe:
Etykiety: Dodaj etykietę
Nie ma etykietki, Dołącz pierwszą etykiete!
Thư viện lưu trữ: Trung tâm Học liệu Trường Đại học Cần Thơ
LEADER 01150nam a2200193Ia 4500
001 CTU_148291
008 210402s9999 xx 000 0 und d
020 |c 21000 
082 |a 346.597043 
082 |b L504 
245 0 |a Luật kinh doanh bất động sản năm 2006 và văn bản hướng dẫn thi hành 
260 |a Hà Nội 
260 |b Chính trị Quốc gia 
260 |c 2008 
520 |a Giới thiệu Luật Kinh doanh bất động sản năm 2006, hoạt động kinh doanh bất động sản, một số chỉ thị, nghị định, quyết định của Chính phủ, Bộ xây dựng về việc triển khai thi hành luật Kinh doanh bất động sản, một số giải pháp, đẩy mạnh phát triển và quản lí thị trường bất động sản, quản lí, điều hành sàn giao dịch bất động sản 
650 |a Land use,Real estate,Luật bất động sản 
650 |x Law and legislation,Law and legislation 
904 |i Nguyên 
980 |a Trung tâm Học liệu Trường Đại học Cần Thơ